IEP Lyon - CF Vie politique française (7) - Statistiques

Statistiques générales
  • Ce quiz a été pris 21 fois
  • Le résultat moyen est 26 sur 39
Statistiques - réponses
Introduction Introduction % Correct
Qu’est-ce qu’un ... ?
Antagonismes générés par des conflits collectifs, correspondant à des processus
sociopolitiques de grande ampleur (Haegel, 2005) Traduits sous formes d’oppositions politiques par des formations partisanes ou des
organisations
Façonnent des identités et identifications politiques
Le concept renvoie à une structuration durable, profonde et multidimensionnelle
clivage
92%
L’Europe : quelle ligne de démarcation dans les partis ? -> Ne recoupe pas exactement le ... gauche / droit (exemples de 1972, 1992 et 2005) clivage
92%
Il s’appuie sur 3 dimensions: - ... : confrontation à la compétition internationale - Culturelle: acceptation de l’immigration - Politique: attachement à la souveraineté nationale (cf. la question européenne, et les débats lors du TCE) économique
92%
D'après Lipset et Rokkan (Parties systems and voter alignments : Cross-national perspectives), il y a 2 révolutions, "critical junctures" : - la révolution nationale (processus de construction de l’Etat-Nation) - la révolution ... Ces révolutions créent chacune deux types de clivage, clivages qui sont déterminants des développements politiques et des alignements entre groupes sociaux et partis politiques industrielle
92%
De nouveaux clivages - Le clivage ... / post-... (Ronald Inglehart), “révolution silencieuse” matérialiste
92%
- Le clivage gagnant / perdant de la ... (Kriesi)
Européanisation et ... comme « critical juncture »
Ce clivage engendre l’apparition des partis de droite radicale.
mondialisation
92%
Les conséquences politiques: - Nouvelle politique autour des enjeux postmatérialistes: environnement, revendications féministes, libertés individuelles,… - Nouveaux ... politiques: parti vert, partis de la nouvelle gauche dans les années 1970. partis
92%
La révolution nationale crée deux clivages: - Le clivage Centre vs ... (opposant le processus de centralisation et leurs résistances). ex: partis régionalistes, indépendantistes. - Le clivage Etat vs Eglise (opposant les tenants de la sécularisation de l’Etat aux défenseurs de l’Eglise). ex: parti radical périphérie
92%
La révolution industrielle crée deux clivages: - Le clivage Possédants vs ... (opposant les classes laborieuses aux classes propriétaires). Ex: SFIO, PCF
- Le clivage Rural vs urbain (opposant les élites urbaines aux élites rurales).
ex: partis agrariens
travailleurs
92%
• Un clivage ni immuable, ni invariant Leur contenu peut ..., en fonction des périodes, des enjeux, des partis varier / changer
92%
Intensification de la compétition politique
- 6 candidats à la présidentielle de 1965 contre ... en 2022
- Plus de 8000 candidats aux législatives de 2017
- Plus de 900 000 candidats aux municipales de 2020 : soit 1 électeur sur 52 !
12
85%
Partis captant et dépendant du financement public - Lois du 15/01/1990, 29/01/1993 et 19/01/1995 pour mettre fin à la corruption par des entreprises - Financement des partis selon le ... de voix / ... de sièges au Parlement nombre
85%
Février 2021 : seulement 16 % des Français déclaraient avoir confiance dans les partis politiques.Malgré une offre politique très diversifiée, la part des Français qui se disent très proches ou proches d’un parti ... (monte ou baisse ?) depuis les années 1970: 48% en 1978, 40 % en 1988; 30 % à partir des années 2000. baisse
77%
L’évolution du système partisan Un système partisan jamais durablement stabilisé Evolution du système partisan depuis 1958 : - 1958-1962 : multipartisme non stabilisé (continuité avec la IVème République) - 1962-1974 : vers la ... bipolarisation
77%
Les primaires
A partir des années 1990 : mode de désignation des candidats/candidates plus
direct
-> Primaires ... (réservées aux adhérents/adhérentes)
-> Primaires [mot inverse] (aux sympathisants/sympathisantes)
fermées
77%
Pourquoi ce recours à des primaires ?
- Rétraction des partis : élargir l’assise et la ... d’une candidature
- Conjoncture de crise : les primaires comme réponse à un désordre ou une incapacité du parti à s’auto-réguler - Mimétisme : logique de reproduction
légitimité
77%
-> Multipartisme de plus en plus répandu, surtout chez les plus jeunes générations -> Scores des différents partis de moins en moins ... d’une élection à l’autre stable
77%
Il n’y a pas de changement majeur du système de partis entre 1920 et 1960, sous l’effet de la socialisation politique.Lipset et Rokkan parlent du "... des alternatives partisanes". gel
69%
Mais, dès les années 1960, des réflexions émergent autour du "dégel des clivages" (sans qu’ils disparaissent totalement) dû :
- aux modifications des structures ...,
- à l’augmentation de la volatilité électorale
- et à l’apparition de nouveaux partis politiques
sociales
69%
Et aujourd’hui ? - ... de l’espace politique : gauche / droite / extrême droite - Depuis 2017, un « big bang » ?(Marc Lazar) tripartition
69%
-> Application en France:“la politique des deux ..” (Tiberj, 2012)
... des valeurs socio-économiques (old politics) et ... des valeurs culturelles (new politics)
Les questions culturelles apparaissent dans les années 1980 et elles commencent à structurer le vote à partir des années 1990. (3 fois le même mot)
axe
62%
L’absence d’attachement à un parti est plus élevé pour certaines catégories:
- les plus jeunes
- les plus ... (niveau de diplôme)
- les plus politisés
éduqués
62%
Martin: Dynamique de tripolarisation de la vie politique
Pôle de gauche radicale éco-socialiste
Pôle ... – mondialisateur
Pôle ... – identitaire ➜ Dérèglements réguliers du système partisan français Encore en phase de recomposition (écrire les deux mots dans l'ordre)
libéral conservateur
62%
- Le clivage Altermondialistes / ... : qui s’oppose non pas au principe mais au contenu de cette révolution mondiale en formation depuis la crise de 2008 néolibéraux
62%
Autre conséquence, “ la contre-révolution ...” (Ignazi): mouvement de réaffirmation des valeurs traditionnelles et émergence des partis de droite radicale silencieuse
62%
Année de création du parti vert en France ? Un parti représentatif des nouveaux clivages Ecologie politique mais ce n’est pas un parti mono-thématique : énergie, agriculture, transports, droits des minorités,.. Enjeux sociaux et économiques. Enjeux post-matéralistes. 1974
54%
Diversification des partis : officiellement existence de plusieurs ...- Des plus connus : PS, PCF, LR, LREM… - Aux plus exotiques : Parti de la loi Naturelle, Droit de chasse… centaines
54%
L’évolution du système partisan Système de partis = ensemble formé par les ..., plus ou moins conflictuelles, entre des unités partisanes interactions
54%
Stabilisation progressive du cadre d’organisation de la vie démocratique depuis 1958
Les partis : des acteurs essentiels à la vie politique
Fonctions des partis politiques:
- ... des citoyens
- ... de l’offre politique : canal d’expression des demandes des citoyens
- Recrutement du personnel politique
- ... des politiques publiques
…mais qui connaissent une désaffection notable (écrire un des trois mots)
Mobilisation / Structuration / Formation
54%
Des partis personnels ?
De nouveaux partis qui cherchent à se distancier des partis classiques…
Ex: LREM (La République en marche) et LFI (La France Insoumise)
= Partis créés par le haut pour/par un leader
Typique de la ... de la vie politique
Souplesse de l’adhésion et gratuité (en février 2023, environ 370000 pour LFI et jusqu’à 400000 pour LREM) = des « partis personnels intermittents, fluides, à obsolescence programmée » (Lefebvre, 2022) ?
personnalisation
54%
Partis rassemblant de moins en moins d’adhérents … et plutôt vieillissants
- Partis ne jouant plus un rôle d’intégration sociale et d’encadrement des catégories
populaires
- Partis ayant abandonné le travail de production ... (rôle des clubs, fondations, think-tanks)
programmatique
54%
- 1974 – années 90 : système bipolaire équilibré
• Intensité de la bipolarisation : « ... bipolaire PCF-PS / UDF-RPR »
• Mais tendance progressive au fractionnement avec : rivalités personnelles dans chacun des pôles et apparition de nouvelles forces (Verts, FN)
quadrille
54%
Pierre Martin (2018) poursuit cette réflexion et parle de la révolution globale
qui amène à deux clivages:
- Le clivage Identité / ... : qui marque le refus du principe de
globalisation.
Articulé par les forces de droite radicale depuis les années 1980.
cosmopolitisme
46%
Partis politiques comme des « écuries » aux élections, et en particulier présidentielles
Jusqu’en 2017, tous les présidents ont été élus grâce au soutien de leurs partis.
De 1981 à 2012, ils ont tous présidé le parti dominant de leur majorité avant d’accéder à l’Élysée. -> Conversion du ... partisan en ... présidentiel (2 fois le même mot)
leadership / direction
46%
Quels effets des primaires ?
- Concurrence de la légitimité ... par la légitimité d’opinion (sondages)
- Personnalisation de la vie politique (différences par les traits de caractère)
- Radicalisation (accentuations des positions pour séduire)
- Démocratisation limitée (participants = électeurs déjà mobilisés)
partisane
46%
Les partis politiques, des acteurs incontournables de la vie politique, en mutation - Dé... et re... du système des partis Processus toujours en cours composition
38%
La fin du modèle de Michigan et de l’identification partisane ?
Réflexion sur deux plans:
- un repérage ...: des probabilités fortes de ne pas voter (à la fois pour l’extrême droite, mais aussi gauche radicale en partie) - en termes de probabilités de vote et d’ « espace des ... » (écrire les deux mots dans l'ordre)
négatif possible
38%
La persistance du clivage gauche / droite ? Naissance en 1789 sur une logique de positionnement par rapport au veto royal • Un clivage ... pour se positionner, se repérer... Une permanence de la compétition politique en France, des catégories qui jouent comme des repères. fonctionnel
23%
Adaptation ... selon les partis
• ex: RPR avec Chirac
• difficultés récurrentes des écologistes à se rassembler autour d’un leader
(culte de la démocratie interne)
… mais la présidentialisation peut nourrir des rivalités internes
inégale
23%
Aucun quiz correspondant
Distribution des résultats
% des personnes avec chaque résultat
Percentile par nombre de réponses
Votre historique - résultats
Vous n’avez pas pris ce quiz